| 000 | 00719nam a22002297a 4500 | ||
|---|---|---|---|
| 005 | 20251108165941.0 | ||
| 008 | 250721s1998 xx 000 0 ara d | ||
| 082 | 1 | 4 | _aط/372.6/شعر |
| 100 | 1 | _aشعراوي، إبراهيم | |
| 245 | 1 | 0 | _aحكايات و أغاني على حروف الهجاء / |
| 264 | 1 |
_aالقاهره : _bالمصرية للكتب، _c1998. |
|
| 300 | _a56ص | ||
| 650 | 1 | 7 | _aالتعليم |
| 650 | 1 | 7 | _aالتعليم قبل المدرسة |
| 650 | 1 | 7 | _aاللغة العربية |
| 650 | 1 | 7 | _aالأدب العربي |
| 650 | 1 | 7 | _aالشعر العربي |
| 650 | 1 | 7 | _aأدب الأطفال |
| 700 | 1 | _aرسم، الحسبية حسين | |
| 942 |
_2ddc _cBK |
||
| 999 |
_c35686 _d35686 |
||